New Testament evangelism. (Record no. 10699)

000 -LEADER
fixed length control field 00517nam a2200181 a 4500
001 - CONTROL NUMBER
control field :::00008490$&:&@@
003 - CONTROL NUMBER IDENTIFIER
control field OkBaRHE
005 - DATE AND TIME OF LATEST TRANSACTION
control field 20100401161551.0
008 - FIXED-LENGTH DATA ELEMENTS--GENERAL INFORMATION
fixed length control field s1904 j 000 0 eng u
040 ## - CATALOGING SOURCE
Transcribing agency
100 1# - MAIN ENTRY--PERSONAL NAME
Personal name Smith, Wade C.
245 10 - TITLE STATEMENT
Title New Testament evangelism.
260 ## - PUBLICATION, DISTRIBUTION, ETC. (IMPRINT)
Place of publication, distribution, etc Richmond, VA., :
Name of publisher, distributor, etc Onward Press
Date of publication, distribution, etc 1904
300 ## - PHYSICAL DESCRIPTION
Extent 123 p.
650 ## - SUBJECT ADDED ENTRY--TOPICAL TERM
Topical term or geographic name as entry element Evangelism
942 ## - ADDED ENTRY ELEMENTS (KOHA)
Source of classification or shelving scheme
Koha item type Books
Copies
Barcode Not for loan Date acquired Source of classification or shelving scheme Withdrawn status Lost status Shelving location Price effective from Full call number Date last seen Damaged status Copy number Koha item type Permanent Location
8490 2010-04-14   General Stacks2010-04-14BV 3790 .S6 19042010-04-14 1BooksRHEMA Bible Training College